000 00760nam a2200229Ii 4500
003 JO-AjNU
008 230605s9999||||xx |||||||||||||| ||und||
017 _a2007/7/1979
020 _a9957-16-354-9
040 _aJO-AjNU
_bara
_erda
_cJO-AjNU
041 _aara
050 1 4 _aKMM272.S5222.2008
100 3 _aشطناوي، علي خطار,
_eauthor
_925834
245 0 0 _aموسوعة القضاء الإداري، " الجزء الثاني"
250 _aط1
264 3 1 _aعمان : دار الثقافة ، 2008
300 _aج2: 511 - 1038 ص
336 _atext
_btxt
_2rdacontent
337 _aunmediated
_bn
_2rdamedia
338 _avolume
_bnc
_2rdacarrier
650 4 _aالقانون الاداري -- القرارات الادارية
_925835
999 _aA9714
_c13282
_d13282